000 00274nam a2200109Ia 4500
008 230306s9999 xx 000 0 und d
041 _aeng
100 _aShilpa Dongre
_9120538
245 _aCyber Law and Its Applications
260 _bCurrent Pub Mumbai
_c2015
300 _a454
999 _c99665
_d99665